Vida y arte de Alberto Durero /

Gespeichert in:
Bibliographische Detailangaben
1. Verfasser: Panofsky, Erwin (autor)
Format: Buch
Sprache:Spanisch
Veröffentlicht: Madrid, España : Alianza, 1995, c1995
Schriftenreihe:(Alianza Forma ; 27)
Schlagworte:
Tags: Tag hinzufügen
Keine Tags, Fügen Sie das erste Tag hinzu!

MARC

LEADER 00000nam^a2200000^a^4500
001 000140364
005 20250521000000.0
009 20260310095536.733
020 |a 84-206-7027-8 
037 |a Acervo ITESO - Biblioteca 
041 |a ESP 
082 |a 759. 3  |b DUR PAN 
100 |a Panofsky, Erwin  |e (autor) 
245 1 0 |a Vida y arte de Alberto Durero /  |c E. Panofsky ; tr. por María Luisa Balseiro. 
264 4 |a Madrid, España :  |b Alianza,  |c 1995, c1995 
300 |a 484 p. 
336 |a texto  |b txt  |2 rdacontenido 
337 |a sin mediación  |b n  |2 rdamedio 
338 |a volumen  |b nc  |2 rdasoporte 
440 1 |a (Alianza Forma ;  |v 27) 
500 |a Traducción de: The Life and Art of Albrecht Dürer 
649 |a XX 
650 |a Pintores Alemanes 
650 |a Artistas Alemanes 
650 |a Grabado -  |z Alemania -  |x Historia -  |y Siglo XVI 
650 |a Pintura Renacentista -  |x Historia y Crítica 
650 |a Pintura Alemana -  |x Historia y Crítica 
650 |a Arte Renacentista -  |x Historia y Crítica 
650 |a Arte Alemán -  |x Historia y Crítica 
650 |a Durero, Alberto -  |x Tema Principal 
910 |a Fondo General 
920 |a Impresos - Libros 
930 |a Colección General 
905 |a 101 
901 |a 0500069260  |b IT1  |c ACC  |u 20250521 
902 |a https://opac.biblio.iteso.mx/vufind/Record/000140364